<?xml version="1.0" encoding="UTF-8"?>
<marc:record xmlns:marc="http://www.loc.gov/MARC21/slim">
   <marc:leader>00000nam a2200000 a 4500</marc:leader>
   <marc:datafield ind1="1" ind2=" " tag="100">
      <marc:subfield code="a">Hula, Saskia</marc:subfield>
      <marc:subfield code="4">aut</marc:subfield>
      <marc:subfield code="e">Verfasser/-in</marc:subfield>
   </marc:datafield>
   <marc:datafield ind1="0" ind2="0" tag="245">
      <marc:subfield code="a">Besuch bei Marie</marc:subfield>
   </marc:datafield>
   <marc:datafield ind1=" " ind2="1" tag="264">
      <marc:subfield code="b">Obelisk-Verl.</marc:subfield>
      <marc:subfield code="c">2008</marc:subfield>
   </marc:datafield>
   <marc:datafield ind1="1" ind2=" " tag="490">
      <marc:subfield code="a">Bildgeschichten Lesespaß</marc:subfield>
   </marc:datafield>
   <marc:datafield ind1="1" ind2=" " tag="520">
      <marc:subfield code="a">Quelle: bn.bibliotheksnachrichten (http://www.biblio.at/literatur/bn/index.html); 
Autor: Rebecca Englert; 
Lustige Abenteuer im Garten. (ab 6) (JE)

Maries Eltern fahren jedes Wochenende in ihr Gartenhäuschen, wo es Marie zwar schön findet - wenn es nur nicht immer so langweilig wäre! Aber dann darf sie ihre Freundinnen einladen und es wird richtig lustig!
Diese Bildgeschichte wird ErstleserInnen recht schnell zum gewünschten Leseerfolg führen. Die bunten Bilder, die anstelle von Wörtern stehen, werden in einem anschließenden Register noch einmal mit dem entsprechenden Wort aufgelistet. Sehr ansprechend gestaltet, geeignet ab der ersten Klasse.</marc:subfield>
   </marc:datafield>
   <marc:datafield ind1=" " ind2=" " tag="020">
      <marc:subfield code="a">9783851975833</marc:subfield>
      <marc:subfield code="9">9783851975833</marc:subfield>
   </marc:datafield>
</marc:record>
